000 00624nam a2200205 i 4500
001 78429
003 ES-MaACL
005 20250824230747.0
007 t|
008 041014s1955 sp ||||1| spa d
100 1 _aHauret, Charles.
_962100
245 1 3 _aLa despedida del Señor (Juan XIII-XVII) /
_cCharles Hauret ; traducción de Rafael Asenjo.
260 _aMadrid :
_bRialp,
_c1955 (
_fCastilla)
300 _a333 p. ;
_c17 cm.
490 1 _aPatmos ;
_v46
700 1 _aAsenjo, Rafael.
_923562
830 0 0 _aPatmos (Rialp)
_v46
_9181154
852 _aES-MaACL
_jC-10713
_bR.37707
999 _c78429
_d78429